000 00745nam a2200205 a 4500
001 000036235
003 DO-SdBNP
005 20230209095840.0
007 ta
008 120111s1983 pr ac 000 0 spa d
040 _aDO-SdBNP
_bspa
_cBNPHU
082 _axxx
_bC719i
_222
100 1 _aColón Jiménez, Elvira.
_962316
245 1 0 _aIndice bibliografico, arte :
_brevista Puerto Rico ilustrado, 1910-1920 /
_cElvira Colón Jiménez.
260 _aSan Juan, Puerto Rico :
_bSociedad Amigos del Museo de la Universidad de Puerto Rico en colaboración con el Centro de Estudios Avanzados de Puerto Rico y el Caribe,
_c1983.
300 _a85 p. :
_bil., retrs. ;
_c23 cm.
590 _aInventariado, 2023 / DG
910 _aDG
942 _2ddc
_cLBS1
999 _c35726
_d35726